| 000 | 00718cam a2200217 a 4500 | ||
|---|---|---|---|
| 003 | PILC | ||
| 005 | 20150905095530.0 | ||
| 008 | 030810s ph 000 0 eng d | ||
| 010 | _a7493452 | ||
| 050 | 0 | 0 |
_aLB 1049 _b.M847 1973 |
| 100 | 1 | _aMorgan, Clifford Thomas. | |
| 245 | 1 | 0 |
_aHow to study / _cClifford T. Morgan, James Deese. |
| 250 | _a2nd edition. | ||
| 260 |
_aManila : _bNational Book Store, _c1973. |
||
| 300 |
_ax, 157 pages : _billustrations ; _c26 cm. |
||
| 500 | _aIncludes bibliographical references and index. | ||
| 500 | _aReprint. Originally published: New York : McGraw-Hill, c1969. | ||
| 650 | 0 | _aStudy, Method of. | |
| 700 | 1 |
_aDeese, James Earle, _d1921- |
|
| 942 |
_2lcc _cBK _kLOC |
||
| 999 |
_c284696 _d284696 |
||